Statistics for Zelda Trivia Quiz - Difficulty : Extreme

Click here to take the quiz!

General Stats

  • This quiz has been taken 20 times
  • The average score is 7 of 15

Answer Stats

HintAnswer% Correct
What race of people’s in Wind
Waker reside in Dragon Roost
Island?
Rito
87%
In Twilight Princess, Link is
accompanied by Midna, a
being of what race?
Twili
87%
In Twilight Princess, Link uses,
instead of the Hookshot, the Double…
Clawshot
80%
What is the maximum amount
of bombs your could carry in
the original Legend of Zelda
without upgrades?
8
67%
What item does Link use in
multiple games in order to
run abnormally fast?
Pegasus Boots
60%
In Majora’s Mask, what song
does Link play in order to
create statue copies of himself
in Stone Tower Temple?
Elegy of Emptiness
53%
In A Link to the Past, Link
travels to the Dark World.
What item does he need to
stay in human form while
in the Dark World?
Moon Pearl
53%
In Oracle of Seasons, Link
travels to the parallel world of…
Holodrum
47%
What is the name of the boss
of the Lakebed Temple in
Twilight Princess?
Morpheel
47%
What is the name of the spell
in Ocarina of Time that
creates a temporary shield
around Link in exchange
for magic power?
Nayru’s Love
47%
How many Korok Seeds are
needed in Breath of the Wild
to have maximum inventory
space?
441
27%
What sword does the player
start with in the Adventure of Link?
Magical Sword
13%
What is the name of the king of
Hyrule during Minish Cap?
Daltus
7%
What is the name of a certain enemy
in some Zelda games that copies
the movement of the player or
sometimes does the inverse?
Goriya
7%
In the above realm, what is the
name of the 9th dungeon of the
game?
Explorer’s Crypt
0%

Score Distribution

Percentile by Number Answered

Percent of People with Each Score

Your Score History

You have not taken this quiz